Normal view
MARC view
- سورة الحجر- سورة النحل - سورة للاسراء - تفسير - القران الكريم
Entry Topical Term
001 - CONTROL NUMBER
- control field: 19111
003 - CONTROL NUMBER IDENTIFIER
- control field: JO-AjAnu
005 - DATE AND TIME OF LATEST TRANSACTION
- control field: 20230606073338.0
008 - FIXED-LENGTH DATA ELEMENTS
- fixed length control field: 230606|| aca||aabn | a|a d
040 ## - CATALOGING SOURCE
- Original cataloging agency: JO-AjAnu
- Transcribing agency: JO-AjAnu
150 ## - HEADING--TOPICAL TERM
- Topical term or geographic name entry element: سورة الحجر- سورة النحل - سورة للاسراء - تفسير - القران الكريم
670 ## - SOURCE DATA FOUND
- Source citation: Work cat.: (JO-AjAnu)9806: بقلم طباره، عفيف عبد الفتاح, author 19110, روح القرآن تفسير الجزء الرابع عشر وقسم من الجزء الخامس عشر : سورة الحجر، سورة النحل، سورة الإسراء